[Event "Sardegna Region-ch"]
[Site "Sardara"]
[Date "2010.04.17"]
[Round "2"]
[White "Pannella, Antonello"]
[Black "Setzu, Francesco"]
[Result "1/2-1/2"]
[WhiteElo "1507"]
[BlackElo "1760"]
[PlyCount "70"]
[EventDate "2010.04.17"]
[EventType "swiss"]
[EventRounds "8"]
[EventCountry "ITA"]
[SourceTitle "EXT 2024"]
[Source "ChessBase"]
[SourceDate "2023.10.10"]
[SourceVersion "1"]
[SourceVersionDate "2023.10.10"]
[SourceQuality "1"]

1. c4 d6 2. Nc3 Nf6 3. e3 c6 4. d4 Bf5 5. Bd3 Bg6 6. e4 e5 7. d5 c5 8. Bg5 h6 9. Bh4 Be7 10. Qb3 b6 11. Nge2 Bh7 12. 0-0 g5 13. Bg3 Nh5 14. Qd1 Bg6 15. Nb5 Nf6 16. f3 Nh5 17. Qa4 Nd7 18. Qa6 Qb8 19. Be1 Nf4 20. Nxf4 exf4 21. Bc3 0-0 22. Rad1 f6 23. Rfe1 Ne5 24. Bxe5 fxe5 25. Qa4 a6 26. Nc3 Be8 27. Qc2 Bd7 28. h3 Qe8 29. Rd2 Qf7 30. Kf2 Qh5 31. Ke2 Qe8 32. Kd1 Qb8 33. Rg1 Ra7 34. g4 Be8 35. Rh2 Qd8 1/2-1/2